| 000 | 00334nam a2200109Ia 4500 | ||
|---|---|---|---|
| 008 | 180116s9999 xx 000 0 und d | ||
| 020 | _a9781305511361 | ||
| 100 | _aScott, Ann Senisi | ||
| 245 |
_cAnn Senisi Scott, Elizabeth Fong _aBody Structures and Functions / |
||
| 260 |
_aBoston, USA _bCengage Learning _c2017 |
||
| 300 | _a519 pages | ||
| 999 |
_c353240 _d353240 |
||